| 000 | 01302nam a2200313 i 4500 | ||
|---|---|---|---|
| 001 | 185386 | ||
| 003 | SpMaBN | ||
| 005 | 20250822055324.0 | ||
| 008 | 160527s2012 sp abo |||| | spa d | ||
| 080 | _a811.134.2(091) | ||
| 080 | _a94(460.18-89) | ||
| 100 | 1 |
_aRoyano Gutiérrez, Lourdes. _9159676 |
|
| 245 | 1 | 3 |
_aEl castellano, primer idioma de Hispania / _c[textos, Lourdes Royano Gutiérrez]. |
| 246 | 3 | 5 | _aCastilla durante los siglos de la Reconquista |
| 260 |
_aPotes, Cantabria : _bCasa de Cultura de Potes ; _aMéxico : _bFrente de Afirmación Hispanista, _c[2012] |
||
| 300 |
_a33 p. : _bil. col. y n., mapa ; _c29 cm. |
||
| 490 | 1 |
_aMuseo Cartográfico "Juan de la Cosa" ; _v5 |
|
| 504 | _aBibliografía: p. 23. | ||
| 505 | 8 |
_aContiene: ; _tCastilla durante los siglos de la Reconquista / _rAmérico Castro |
|
| 596 | _aEn cub.: Museo Cartográfico Juan de la Cosa. | ||
| 650 | 0 | 7 |
_aLengua española- _vHistoria. _914166 |
| 651 | 4 |
_aCastilla (Reino)- _xHistoria. _97987 |
|
| 700 | 1 |
_aCastro, Américo, _d1885-1972 _9226525 |
|
| 710 | 2 |
_aMuseo Cartográfico Juan de la Cosa. _9159677 |
|
| 710 | 2 |
_aFrente de Afirmación Hispanista, A.C. _9159234 |
|
| 830 | 0 |
_aMuseo Cartográfico "Juan de la Cosa" ; _v5 _9225197 |
|
| 852 |
_aES-MaACL _j2330-F-19 |
||
| 999 |
_c185386 _d185386 |
||